[Event "Olimpiada de Khanty-Mansiysk 2010"]
[Site "Khanty-Mansiysk RUS"]
[Date "2010.10.01"]
[Round "10"]
[White "Astaneh Lopez, Alex"]
[Black "Erdene, Ganzorig"]
[Result "1/2-1/2"]
[WhiteElo "2393"]
[BlackElo "2330"]
[PlyCount "149"]
[EventDate "2010.09.21"]
[EventType "team"]
[EventRounds "11"]
[EventCountry "RUS"]
[Source "lmi"]
[SourceDate "2010.09.21"]
[WhiteTeam "Irlanda"]
[BlackTeam "Mongolia"]
[WhiteTeamCountry "IRL"]
[BlackTeamCountry "MGL"]

1. e4 c6 2. c4 d5 3. exd5 cxd5 4. cxd5 Nf6 5. Nc3 Nxd5 6. Nf3 Nc6 7. Bb5 Nxc3
8. bxc3 Qd5 9. Qe2 Bg4 10. Bc4 Qf5 11. d4 Bxf3 12. gxf3 a6 13. Rg1 h6 14. Qe4
Qd7 15. Rb1 Rc8 16. Bd2 Nd8 17. Bb3 b5 18. a4 Nb7 19. axb5 axb5 20. Qe5 Nd6 21.
Bc2 e6 22. Bd3 Nc4 23. Qxb5 Qxb5 24. Rxb5 Nxd2 25. Kxd2 g5 26. Rb7 Bd6 27. Bb5+
Kf8 28. Ra1 Rb8 29. Rxb8+ Bxb8 30. h3 Ke7 31. Kd3 Rd8 32. Bc6 Bf4 33. Ra7+ Kf6
34. c4 Rc8 35. Be4 Rc7 36. Ra8 Rd7 37. c5 Rc7 38. Kc4 h5 39. Kb5 Ke7 40. Bc6 h4
41. Re8+ Kf6 42. Kb6 Re7 43. Ra8 Bc7+ 44. Kb5 Bf4 45. Ka6 Bh2 46. Bb5 Bg1 47.
Rd8 Bxf2 48. Kb6 Bg3 49. Bd7 Bf2 50. c6 Bxd4+ 51. Kb7 Be5 52. Rg8 Bd6 53. Ra8
Ke5 54. Rg8 Kf4 55. Rg7 Be5 56. Rh7 Bd6 57. Kc8 f5 58. Rh6 Kxf3 59. Kd8 g4 60.
Bxe6 Rxe6 61. Rxe6 Bf4 62. hxg4 Kxg4 63. Rg6+ Kf3 64. Rf6 Kg4 65. Rg6+ Kf3 66.
Rh6 Kg3 67. Rh5 h3 68. Kd7 h2 69. Rxh2 Kxh2 70. Ke6 Kg2 71. Kxf5 Bh2 72. Ke6
Kh3 73. Kd7 Kg2 74. c7 Bxc7 75. Kxc7 1/2-1/2

[Event "Olimpiada de Khanty-Mansiysk 2010"]
[Site "Khanty-Mansiysk RUS"]
[Date "2010.10.01"]
[Round "10"]
[White "Batchuluun, Tsegmed"]
[Black "Heidenfeld, Mark"]
[Result "1/2-1/2"]
[WhiteElo "2422"]
[BlackElo "2360"]
[PlyCount "80"]
[EventDate "2010.09.21"]
[EventType "team"]
[EventRounds "11"]
[EventCountry "RUS"]
[Source "lmi"]
[SourceDate "2010.09.21"]
[WhiteTeam "Mongolia"]
[BlackTeam "Irlanda"]
[WhiteTeamCountry "MGL"]
[BlackTeamCountry "IRL"]

1. d4 Nf6 2. c4 e6 3. g3 d5 4. Nf3 Bb4+ 5. Bd2 Bd6 6. Bg2 c6 7. Qc2 Nbd7 8. O-O
O-O 9. Bf4 Bxf4 10. gxf4 b6 11. Ne5 Bb7 12. Nc3 c5 13. Rfd1 Rc8 14. cxd5 Nxd5
15. Nxd7 Qxd7 16. dxc5 Qc7 17. Nxd5 Bxd5 18. Bxd5 exd5 19. e3 Rfd8 20. Qf5 Qxc5
21. Rd2 g6 22. Qe5 Qa5 23. Qd4 Rc4 24. Qd3 d4 25. Rad1 Rcc8 26. Qe4 Rc1 27. Kg2
d3 28. Qe7 Rf8 29. Rxd3 Rxd1 30. Rxd1 Qxa2 31. Qf6 Qa4 32. Rd4 Qb5 33. b4 a5
34. bxa5 bxa5 35. Rd6 Qb7+ 36. Kg3 Qb1 37. Rd8 Qg1+ 38. Kf3 Qh1+ 39. Kg3 Qg1+
40. Kf3 Qh1+ 1/2-1/2

[Event "Olimpiada de Khanty-Mansiysk 2010"]
[Site "Khanty-Mansiysk RUS"]
[Date "2010.10.01"]
[Round "10"]
[White "Fitzsimons, David"]
[Black "Khatanbaatar, Bazar"]
[Result "0-1"]
[WhiteElo "2229"]
[BlackElo "2392"]
[PlyCount "140"]
[EventDate "2010.09.21"]
[EventType "team"]
[EventRounds "11"]
[EventCountry "RUS"]
[Source "lmi"]
[SourceDate "2010.09.21"]
[WhiteTeam "Irlanda"]
[BlackTeam "Mongolia"]
[WhiteTeamCountry "IRL"]
[BlackTeamCountry "MGL"]

1. e4 c5 2. Nf3 e6 3. g3 Nc6 4. Bg2 Nf6 5. Nc3 d6 6. O-O Be7 7. d3 O-O 8. Ng5
Rb8 9. f4 Bd7 10. Be3 b5 11. h3 b4 12. Ne2 Ne8 13. Nf3 Bf6 14. e5 Be7 15. exd6
Bxd6 16. d4 cxd4 17. Nfxd4 Nxd4 18. Nxd4 Qc7 19. Qd3 Nf6 20. Rfd1 Rfd8 21. Nb3
Bb5 22. Qd4 a6 23. Qa7 Qc8 24. Rd2 Rd7 25. Qd4 Qc7 26. Rad1 e5 27. fxe5 Bxe5
28. Qc5 Bxg3 29. Rxd7 Bxd7 30. Qxc7 Bxc7 31. Nc5 Bb5 32. Bf1 Bxf1 33. Kxf1 Ra8
34. Bg5 a5 35. Bxf6 gxf6 36. Rd5 Kg7 37. Nd3 Kg6 38. Ke2 Ra6 39. Rc5 Bd6 40.
Rd5 Rc6 41. Kd2 Bc7 42. c3 bxc3+ 43. bxc3 f5 44. Ne5+ Bxe5 45. Rxe5 a4 46. Ra5
Rc4 47. Kd3 Rh4 48. c4 Rxh3+ 49. Kd4 Ra3 50. c5 Rxa2 51. Kc3 Ra1 52. Kb2 Re1
53. c6 Re7 54. Rxa4 Kg5 55. Rc4 Rc7 56. Kc3 f4 57. Kd4 h5 58. Ke5 f3 59. Rf4
Re7+ 60. Kd6 Re6+ 61. Kd7 Kxf4 62. c7 f2 63. c8=Q f1=Q 64. Qb8+ Kf5 65. Qb3 Qe2
66. Qd5+ Kg6 67. Qc5 Qd3+ 68. Kc7 Qd6+ 69. Qxd6 Rxd6 70. Kxd6 Kf5 0-1

[Event "Olimpiada de Khanty-Mansiysk 2010"]
[Site "Khanty-Mansiysk RUS"]
[Date "2010.10.01"]
[Round "10"]
[White "Rodriguez Vila, Andres"]
[Black "Minhazuddin, Ahmed"]
[Result "1-0"]
[WhiteElo "2537"]
[BlackElo "2368"]
[PlyCount "113"]
[EventDate "2010.09.21"]
[EventType "team"]
[EventRounds "11"]
[EventCountry "RUS"]
[Source "lmi"]
[SourceDate "2010.09.21"]
[WhiteTeam "Uruguay"]
[BlackTeam "Bangladesh"]
[WhiteTeamCountry "URU"]
[BlackTeamCountry "BAN"]

1. f4 d5 2. Nf3 Nf6 3. g3 c5 4. Bg2 Nc6 5. O-O Bg4 6. d3 Qc8 7. Nc3 Bh3 8. e4
Bxg2 9. Kxg2 d4 10. Ne2 e6 11. h3 Be7 12. Bd2 O-O 13. g4 Nd7 14. Ng3 b5 15. Qe2
Nb6 16. g5 f5 17. gxf6 Bxf6 18. Nh2 e5 19. f5 Kf7 20. Qh5+ Ke7 21. Qxh7 Kd6 22.
Ng4 Nd7 23. Nxf6 gxf6 24. Kh2 Qe8 25. Rg1 Qf7 26. Qxf7 Rxf7 27. Nh1 c4 28. Nf2
Nc5 29. Rg6 a5 30. Ng4 Ne7 31. Rxf6+ Rxf6 32. Nxf6 cxd3 33. cxd3 Nxd3 34. b3
Rc8 35. Bxa5 Rc2+ 36. Kg3 Nc6 37. Bb6 Nc1 38. Nd5 d3 39. Ne3 d2 40. Kg4 Ke7 41.
a4 Nxb3 42. Rb1 Rc4 43. axb5 Rxe4+ 44. Kf3 Rf4+ 45. Ke2 Ncd4+ 46. Bxd4 Nxd4+
47. Kxd2 Kd7 48. b6 Kc8 49. Nd5 Rf3 50. f6 Nb3+ 51. Ke1 Kb8 52. Rb2 Nc5 53. Rg2
Kb7 54. Rg7+ Ka6 55. Ra7+ Kb5 56. f7 e4 57. Rc7 1-0

[Event "Olimpiada de Khanty-Mansiysk 2010"]
[Site "Khanty-Mansiysk RUS"]
[Date "2010.10.01"]
[Round "10"]
[White "Abu Sufian, Shakil"]
[Black "Larrea, Manuel"]
[Result "1/2-1/2"]
[WhiteElo "2361"]
[BlackElo "2323"]
[PlyCount "51"]
[EventDate "2010.09.21"]
[EventType "team"]
[EventRounds "11"]
[EventCountry "RUS"]
[Source "lmi"]
[SourceDate "2010.09.21"]
[WhiteTeam "Bangladesh"]
[BlackTeam "Uruguay"]
[WhiteTeamCountry "BAN"]
[BlackTeamCountry "URU"]

1. e4 c5 2. Nf3 Nc6 3. d4 cxd4 4. Nxd4 Nf6 5. Nc3 d6 6. Bc4 e6 7. Be3 Be7 8.
Qe2 a6 9. O-O-O Qc7 10. Bb3 Na5 11. g4 b5 12. g5 Nxb3+ 13. axb3 Nd7 14. Nf5
exf5 15. Nd5 Qd8 16. exf5 Bb7 17. f6 gxf6 18. Rhe1 Bxd5 19. Rxd5 Rg8 20. gxf6
Nxf6 21. Rf5 Ng4 22. Bg5 Ne5 23. Bxe7 Qxe7 24. f4 Nd3+ 25. cxd3 Qxe2 26. Rxe2+
1/2-1/2

[Event "Olimpiada de Khanty-Mansiysk 2010"]
[Site "Khanty-Mansiysk RUS"]
[Date "2010.10.01"]
[Round "10"]
[White "Roselli Mailhe, Bernardo"]
[Black "Chatterjee, Debaraj"]
[Result "1-0"]
[WhiteElo "2399"]
[BlackElo "2288"]
[PlyCount "85"]
[EventDate "2010.09.21"]
[EventType "team"]
[EventRounds "11"]
[EventCountry "RUS"]
[Source "lmi"]
[SourceDate "2010.09.21"]
[WhiteTeam "Uruguay"]
[BlackTeam "Bangladesh"]
[WhiteTeamCountry "URU"]
[BlackTeamCountry "BAN"]

1. d4 Nf6 2. Nc3 d5 3. Bf4 c6 4. e3 Bf5 5. Bd3 Bg6 6. Nf3 Nbd7 7. O-O e6 8. a3
Be7 9. Bxg6 hxg6 10. Qd3 O-O 11. e4 dxe4 12. Nxe4 Nxe4 13. Qxe4 Nf6 14. Qe2 Qa5
15. Rad1 Rfd8 16. Ne5 Nd7 17. Nxg6 Bf6 18. Ne5 Nf8 19. c3 Bxe5 20. Bxe5 f6 21.
Bf4 Qf5 22. Bc1 Rd7 23. Rde1 Rad8 24. Qe4 Qh5 25. Re3 Rd5 26. Rh3 Qe8 27. Rg3
Qh5 28. Rh3 Qe8 29. Rg3 Qh5 30. a4 c5 31. Rh3 Qe8 32. dxc5 Rd1 33. Re3 Qh5 34.
Ree1 R1d5 35. Be3 f5 36. Qc4 g5 37. Bd4 R8d7 38. Qe2 g4 39. f4 e5 40. Bxe5 Rh7
41. g3 Rd3 42. Qg2 Rhd7 43. Bd4 1-0

[Event "Olimpiada de Khanty-Mansiysk 2010"]
[Site "Khanty-Mansiysk RUS"]
[Date "2010.10.01"]
[Round "10"]
[White "Nyback, Tomi"]
[Black "Iturrizaga, Eduardo"]
[Result "1/2-1/2"]
[WhiteElo "2635"]
[BlackElo "2609"]
[PlyCount "72"]
[EventDate "2010.09.21"]
[EventType "team"]
[EventRounds "11"]
[EventCountry "RUS"]
[Source "lmi"]
[SourceDate "2010.09.21"]
[WhiteTeam "Finlandia"]
[BlackTeam "Venezuela"]
[WhiteTeamCountry "FIN"]
[BlackTeamCountry "VEN"]

1. d4 Nf6 2. c4 e6 3. g3 c5 4. d5 exd5 5. cxd5 d6 6. Nc3 g6 7. Bg2 Bg7 8. Nf3
O-O 9. O-O Re8 10. Nd2 Nbd7 11. a4 b6 12. Nb5 Ne5 13. h3 a6 14. Nc3 Nh5 15. f4
Nxg3 16. fxe5 Nxf1 17. Qxf1 Rxe5 18. Nc4 Rf5 19. Qe1 Rb8 20. Qg3 Bd4+ 21. Kh1
b5 22. axb5 axb5 23. Qxd6 Bd7 24. Ra7 bxc4 25. Rxd7 Qh4 26. Qxb8+ Kg7 27. Bd2
Be5 28. Rxf7+ Kxf7 29. Qb7+ Kg8 30. Qc8+ Kg7 31. Qd7+ Kh8 32. Qe8+ Kg7 33. Qd7+
Kh8 34. Ne4 Rf1+ 35. Bxf1 Qxe4+ 36. Kg1 Bd4+ 1/2-1/2

[Event "Olimpiada de Khanty-Mansiysk 2010"]
[Site "Khanty-Mansiysk RUS"]
[Date "2010.10.01"]
[Round "10"]
[White "Alvarez, Marquez Johann"]
[Black "Agopov, Mikael"]
[Result "0-1"]
[WhiteElo "2414"]
[BlackElo "2419"]
[PlyCount "110"]
[EventDate "2010.09.21"]
[EventType "team"]
[EventRounds "11"]
[EventCountry "RUS"]
[Source "lmi"]
[SourceDate "2010.09.21"]
[WhiteTeam "Venezuela"]
[BlackTeam "Finlandia"]
[WhiteTeamCountry "VEN"]
[BlackTeamCountry "FIN"]

1. d4 Nf6 2. c4 g6 3. Nc3 d5 4. cxd5 Nxd5 5. Bd2 Bg7 6. e4 Nb6 7. Be3 O-O 8. h3
Nc6 9. Nf3 f5 10. exf5 gxf5 11. Qd2 f4 12. Bxf4 Nxd4 13. O-O-O c5 14. Ne5 Qd6
15. Bh2 Bf5 16. f4 Qe6 17. Bd3 Bxe5 18. fxe5 Nc4 19. Bxc4 Qxc4 20. e6 Rad8 21.
Rhf1 b5 22. Be5 Nxe6 23. Qh6 b4 24. g4 bxc3 25. gxf5 cxb2+ 26. Kxb2 Qe2+ 27.
Ka3 Rd3+ 28. Rxd3 Qxd3+ 29. Kb2 Qe2+ 30. Ka3 Qxe5 31. Qxe6+ Qxe6 32. Rg1+ Kf7
33. fxe6+ Kxe6 34. Rg5 Kd6 35. Rh5 Rb8 36. Rxh7 c4 37. Rg7 Rb1 38. Rg8 Kd5 39.
h4 e5 40. h5 Rh1 41. Rh8 Kd4 42. h6 Kc3 43. h7 Rh6 44. Ka4 Kc2 45. Kb5 c3 46.
Kc4 Rh4+ 47. Kd5 e4 48. Rg8 Rxh7 49. Kxe4 Rd7 50. Ke3 Kb2 51. Rb8+ Kxa2 52. Ke2
c2 53. Rc8 Kb2 54. Rb8+ Kc1 55. Rh8 Rb7 0-1

[Event "Olimpiada de Khanty-Mansiysk 2010"]
[Site "Khanty-Mansiysk RUS"]
[Date "2010.10.01"]
[Round "10"]
[White "Norri, Joose"]
[Black "Soto, Paez Oliver"]
[Result "1-0"]
[WhiteElo "2330"]
[BlackElo "2373"]
[PlyCount "73"]
[EventDate "2010.09.21"]
[EventType "team"]
[EventRounds "11"]
[EventCountry "RUS"]
[Source "lmi"]
[SourceDate "2010.09.21"]
[WhiteTeam "Finlandia"]
[BlackTeam "Venezuela"]
[WhiteTeamCountry "FIN"]
[BlackTeamCountry "VEN"]

1. d4 Nf6 2. c4 g6 3. Nc3 Bg7 4. e4 d6 5. Be2 O-O 6. Bg5 c5 7. d5 b5 8. cxb5
Qa5 9. Bd2 a6 10. a4 axb5 11. Bxb5 Ba6 12. Nge2 Qb6 13. O-O Bxb5 14. axb5 Nbd7
15. Qc2 Rfb8 16. Ra3 Ne8 17. Rfa1 Nc7 18. Rxa8 Rxa8 19. Rxa8+ Nxa8 20. Qa4 Nc7
21. Be3 e6 22. dxe6 fxe6 23. b4 Bd4 24. bxc5 Bxc5 25. Bxc5 dxc5 26. Qd1 Ne5 27.
Qd8+ Kg7 28. Nf4 Kf7 29. Nxe6 Qxe6 30. Qxc7+ Nd7 31. b6 Ke8 32. b7 Qb3 33. Qc8+
Ke7 34. Nd5+ Kd6 35. Qc7+ Ke6 36. h3 Qb5 37. Nb6 1-0

[Event "Olimpiada de Khanty-Mansiysk 2010"]
[Site "Khanty-Mansiysk RUS"]
[Date "2010.10.01"]
[Round "10"]
[White "Semerene, Dumit"]
[Black "Sipila, Vilka"]
[Result "1-0"]
[WhiteElo "2318"]
[BlackElo "2231"]
[PlyCount "157"]
[EventDate "2010.09.21"]
[EventType "team"]
[EventRounds "11"]
[EventCountry "RUS"]
[Source "lmi"]
[SourceDate "2010.09.21"]
[WhiteTeam "Venezuela"]
[BlackTeam "Finlandia"]
[WhiteTeamCountry "VEN"]
[BlackTeamCountry "FIN"]

1. Nf3 c5 2. g3 g6 3. Bg2 Bg7 4. d4 cxd4 5. Nxd4 Nc6 6. Nb3 Nf6 7. Nc3 d6 8.
O-O O-O 9. h3 Be6 10. e4 a5 11. a4 Bxb3 12. cxb3 Nd7 13. Be3 Nc5 14. Re1 Rc8
15. Re2 Qb6 16. Rc2 Nb4 17. Rd2 Rfd8 18. Rc1 Re8 19. Bf1 Rf8 20. Bc4 Rc7 21. h4
Rfc8 22. h5 Bxc3 23. bxc3 Nc6 24. hxg6 hxg6 25. f4 Kg7 26. Rh2 e6 27. Qxd6 Nxe4
28. Bxb6 Nxd6 29. Bxc7 Nxc4 30. bxc4 Rxc7 31. Rb2 Ne7 32. c5 Nf5 33. Kf2 Rxc5
34. Rb5 Rc4 35. Rxa5 g5 36. fxg5 Nd6 37. Ke2 Kg6 38. Kd3 Rg4 39. Rg1 Rc4 40.
Rb1 Rg4 41. Rg1 Rc4 42. Rf1 Rg4 43. Rf6+ Kg7 44. Rf3 Kf8 45. Ra7 e5 46. Rf6 Ke7
47. a5 Rxg5 48. Rh6 Rxg3+ 49. Kc2 Kd7 50. a6 Rg8 51. axb7 Rb8 52. Ra6 Nxb7 53.
Rab6 Kc7 54. Rhc6+ Kd7 55. Rf6 Kc7 56. Rb5 Rf8 57. Rxe5 Kd7 58. c4 Nd8 59. Kc3
Rh8 60. Rf3 Kc7 61. Rc5+ Kd6 62. Rd5+ Kc6 63. Kb4 Rg8 64. Rf6+ Kc7 65. Rfd6 Rh8
66. Rd7+ Kc8 67. Kb5 Ne6 68. Kb6 Nd8 69. Rxd8+ Rxd8 70. Rxd8+ Kxd8 71. Kb7 f5
72. c5 f4 73. c6 f3 74. c7+ Ke7 75. c8=Q f2 76. Qf5 Ke8 77. Qxf2 Kd8 78. Kc6
Kc8 79. Qf8# 1-0

[Event "Olimpiada de Khanty-Mansiysk 2010"]
[Site "Khanty-Mansiysk RUS"]
[Date "2010.10.01"]
[Round "10"]
[White "Krylov, Sergey"]
[Black "Mukabi, John"]
[Result "1/2-1/2"]
[WhiteElo "2359"]
[BlackElo "2074"]
[PlyCount "66"]
[EventDate "2010.09.21"]
[EventType "team"]
[EventRounds "11"]
[EventCountry "RUS"]
[Source "lmi"]
[SourceDate "2010.09.21"]
[WhiteTeam "IBC"]
[BlackTeam "Kenia"]
[BlackTeamCountry "KEN"]

1. e4 e5 2. Nf3 Nf6 3. Nxe5 d6 4. Nf3 Nxe4 5. d4 d5 6. Bd3 Be7 7. O-O Bg4 8. h3
Bh5 9. c4 O-O 10. Re1 Bb4 11. Rf1 f5 12. Qb3 c5 13. cxd5 Bxf3 14. gxf3 Nd6 15.
a3 Qh4 16. Kg2 Rf6 17. Rh1 c4 18. Bxc4 Rg6+ 19. Kf1 Qxd4 20. Bd3 Ba5 21. Be3
Qe5 22. Nc3 Nd7 23. Ne2 Bb6 24. Bf4 Qe7 25. Qa2 Rf8 26. Re1 Qh4 27. Bg3 Qh5 28.
Ng1 Rgf6 29. f4 Nc5 30. Be2 Qh6 31. Nf3 Nce4 32. Ne5 Rd8 33. Kg2 g5 1/2-1/2

[Event "Olimpiada de Khanty-Mansiysk 2010"]
[Site "Khanty-Mansiysk RUS"]
[Date "2010.10.01"]
[Round "10"]
[White "Chumfwa, Stanley"]
[Black "Elbaruni, Mohamed"]
[Result "1-0"]
[WhiteElo "2315"]
[BlackElo "2053"]
[PlyCount "87"]
[EventDate "2010.09.21"]
[EventType "team"]
[EventRounds "11"]
[EventCountry "RUS"]
[Source "lmi"]
[SourceDate "2010.09.21"]
[WhiteTeam "Zambia"]
[BlackTeam "Libia"]
[WhiteTeamCountry "ZAM"]
[BlackTeamCountry "LBY"]

1. d4 d5 2. c4 c6 3. Nc3 Nf6 4. Nf3 a6 5. a4 e6 6. g3 a5 7. Bg2 Na6 8. O-O Be7
9. Qb3 O-O 10. Rd1 Nb4 11. Bd2 b6 12. Ne5 Bb7 13. Be1 c5 14. cxd5 exd5 15. dxc5
Bxc5 16. Nd3 Nxd3 17. Rxd3 Qe7 18. e3 Rad8 19. Rad1 d4 20. Bxb7 Qxb7 21. exd4
Rfe8 22. Qc4 Bb4 23. Bd2 Qd7 24. Bg5 Rc8 25. Qb5 Qxb5 26. Nxb5 Nd5 27. Bd2 Bf8
28. Re1 Rxe1+ 29. Bxe1 Rc1 30. Kf1 Ra1 31. Ke2 Ra2 32. Rd2 Rxa4 33. Nc3 Nxc3+
34. bxc3 Ra1 35. Rb2 a4 36. Rxb6 a3 37. Rb8 Ra2+ 38. Kd3 Ra1 39. Bd2 Rf1 40.
Ra8 Rxf2 41. c4 Rf3+ 42. Kc2 Rf2 43. c5 a2 44. Rxa2 1-0

[Event "Olimpiada de Khanty-Mansiysk 2010"]
[Site "Khanty-Mansiysk RUS"]
[Date "2010.10.01"]
[Round "10"]
[White "Ahmed, Abdul Sattar abdul"]
[Black "Amanov, Mesgen"]
[Result "0-1"]
[WhiteElo "2342"]
[BlackElo "2493"]
[PlyCount "106"]
[EventDate "2010.09.21"]
[EventType "team"]
[EventRounds "11"]
[EventCountry "RUS"]
[Source "lmi"]
[SourceDate "2010.09.21"]
[WhiteTeam "Irak"]
[BlackTeam "Turkmenistán"]
[WhiteTeamCountry "IRQ"]
[BlackTeamCountry "TKM"]

1. e4 c5 2. Nf3 d6 3. d4 cxd4 4. Nxd4 Nf6 5. Nc3 a6 6. Bc4 e6 7. Bb3 Nbd7 8. f4
Nc5 9. f5 Be7 10. Qf3 O-O 11. O-O e5 12. Nde2 Nxb3 13. axb3 b5 14. Bg5 Bb7 15.
Ng3 Nd7 16. Be3 Rc8 17. Rf2 Qc7 18. Nd5 Bxd5 19. exd5 Qb7 20. f6 Nxf6 21. Nf5
Ne8 22. Nxe7+ Qxe7 23. Rxa6 f5 24. Ra7 Rc7 25. Rxc7 Qxc7 26. Qe2 f4 27. Bc1 Nf6
28. g3 fxg3 29. hxg3 Qc5 30. Qf3 Nd7 31. Qe3 Qxd5 32. Rxf8+ Nxf8 33. Qe2 Ne6
34. Be3 Qe4 35. Kf2 d5 36. c3 Qf5+ 37. Kg2 d4 38. cxd4 exd4 39. Bd2 d3 40. Qe3
Qd5+ 41. Kh3 Qxb3 42. Qe4 Qc4 43. Qf5 Nd4 44. Qf4 Qe6+ 45. Kg2 Qd5+ 46. Kf2 Qf7
47. Ke3 Qxf4+ 48. gxf4 Nb3 49. Bc3 d2 50. Ke2 g6 51. Bf6 Kf7 52. Bg5 Ke6 53.
Kd1 h5 0-1

[Event "Olimpiada de Khanty-Mansiysk 2010"]
[Site "Khanty-Mansiysk RUS"]
[Date "2010.10.01"]
[Round "10"]
[White "Atabayev, Maksat"]
[Black "Al-Ali, Hussein Ali Husse"]
[Result "1-0"]
[WhiteElo "2318"]
[BlackElo "2364"]
[PlyCount "127"]
[EventDate "2010.09.21"]
[EventType "team"]
[EventRounds "11"]
[EventCountry "RUS"]
[Source "lmi"]
[SourceDate "2010.09.21"]
[WhiteTeam "Turkmenistán"]
[BlackTeam "Irak"]
[WhiteTeamCountry "TKM"]
[BlackTeamCountry "IRQ"]

1. e4 e6 2. d4 d5 3. Nc3 Nc6 4. Nf3 Nf6 5. e5 Ne4 6. Bd3 Bb4 7. Bd2 Nxd2 8.
Qxd2 f6 9. a3 Bxc3 10. Qxc3 fxe5 11. dxe5 O-O 12. O-O-O Bd7 13. h4 Qe7 14. Qd2
h6 15. Rh3 Qf7 16. Kb1 Ne7 17. h5 c5 18. Rh4 c4 19. Bxc4 b5 20. Bd3 a5 21. Rdh1
Kh8 22. Bg6 Qg8 23. Ng5 Rf5 24. Bxf5 Nxf5 25. Nf3 Nxh4 26. Rxh4 Qf7 27. Qf4 Rf8
28. Qxf7 Rxf7 29. Kc1 Rf5 30. Kd2 Kh7 31. c3 Be8 32. Ke3 Bc6 33. Rh3 d4+ 34.
cxd4 Bd5 35. Ne1 Rf8 36. g4 Rc8 37. Kd2 b4 38. axb4 axb4 39. Nc2 Rb8 40. Ne3
Be4 41. f3 Bb7 42. f4 Be4 43. Nc4 Bd5 44. Kd3 Rf8 45. f5 Bg2 46. Nd6 Bxh3 47.
fxe6 Rf3+ 48. Kc4 Bxg4 49. e7 Bxh5 50. e8=Q Bxe8 51. Nxe8 Kg8 52. d5 Kf8 53.
Nc7 Ke7 54. d6+ Kd7 55. Kd5 Rd3+ 56. Kc5 Re3 57. e6+ Kc8 58. Kc6 Re1 59. e7
Rc1+ 60. Kb5 Re1 61. e8=Q+ Rxe8 62. Nxe8 h5 63. Kc6 h4 64. Nxg7 1-0

[Event "Olimpiada de Khanty-Mansiysk 2010"]
[Site "Khanty-Mansiysk RUS"]
[Date "2010.10.01"]
[Round "10"]
[White "Al-Saffar, Araz Basim Moh"]
[Black "Atabayev, Yusup"]
[Result "1-0"]
[WhiteElo "2348"]
[BlackElo "2313"]
[PlyCount "59"]
[EventDate "2010.09.21"]
[EventType "team"]
[EventRounds "11"]
[EventCountry "RUS"]
[Source "lmi"]
[SourceDate "2010.09.21"]
[WhiteTeam "Irak"]
[BlackTeam "Turkmenistán"]
[WhiteTeamCountry "IRQ"]
[BlackTeamCountry "TKM"]

1. d4 Nf6 2. c4 g6 3. Nc3 Bg7 4. e4 d6 5. Nf3 O-O 6. Be2 Nbd7 7. O-O e5 8. Be3
c6 9. h3 Qe7 10. Qc2 Re8 11. Rfe1 Nf8 12. Rad1 Nh5 13. b4 Nf4 14. d5 Nxe2+ 15.
Rxe2 f5 16. dxc6 bxc6 17. c5 dxc5 18. Bxc5 Qf7 19. Rd6 Ba6 20. Red2 Qc4 21.
Rxc6 Ne6 22. exf5 Qf1+ 23. Kh2 Nf4 24. Nh4 g5 25. Rd1 Qc4 26. Nf3 e4 27. Nxg5
Bxc3 28. Rxa6 Ne2 29. Qb3 Be5+ 30. g3 1-0

[Event "Olimpiada de Khanty-Mansiysk 2010"]
[Site "Khanty-Mansiysk RUS"]
[Date "2010.10.01"]
[Round "10"]
[White "Odeev, Handszar"]
[Black "Amjad, Ali Al-Bahadly"]
[Result "1-0"]
[WhiteElo "2397"]
[BlackElo "2240"]
[PlyCount "59"]
[EventDate "2010.09.21"]
[EventType "team"]
[EventRounds "11"]
[EventCountry "RUS"]
[Source "lmi"]
[SourceDate "2010.09.21"]
[WhiteTeam "Turkmenistán"]
[BlackTeam "Irak"]
[WhiteTeamCountry "TKM"]
[BlackTeamCountry "IRQ"]

1. e4 c6 2. d4 g6 3. Nc3 d5 4. h3 Bg7 5. Nf3 dxe4 6. Nxe4 Nd7 7. Bc4 Ngf6 8.
Qe2 O-O 9. O-O b5 10. Bd3 Bb7 11. Re1 Re8 12. Bf4 Nd5 13. Bd2 Qc7 14. c4 bxc4
15. Bxc4 e5 16. Rac1 Qb8 17. dxe5 Nxe5 18. Nc5 Bc8 19. Nxe5 Rxe5 20. Qf3 Bf5
21. b4 Bf8 22. g4 Bxc5 23. bxc5 Be6 24. Bxd5 Bxd5 25. Qf6 Rxe1+ 26. Rxe1 Qd8
27. Re7 Rb8 28. Bh6 Rb1+ 29. Kh2 Qb8+ 30. Re5 1-0

[Event "Olimpiada de Khanty-Mansiysk 2010"]
[Site "Khanty-Mansiysk RUS"]
[Date "2010.10.01"]
[Round "10"]
[White "Rodgaard, John"]
[Black "Salem, A R  Saleh"]
[Result "0-1"]
[WhiteElo "2352"]
[BlackElo "2501"]
[PlyCount "62"]
[EventDate "2010.09.21"]
[EventType "team"]
[EventRounds "11"]
[EventCountry "RUS"]
[Source "lmi"]
[SourceDate "2010.09.21"]
[WhiteTeam "Islas Faroe"]
[BlackTeam "Emiratos Arabes Unidos"]
[WhiteTeamCountry "FAI"]
[BlackTeamCountry "UAE"]

1. c4 Nf6 2. Nf3 g6 3. Nc3 Bg7 4. e4 d6 5. d4 O-O 6. Be2 Nbd7 7. O-O e5 8. Qc2
Nh5 9. Rd1 Nf4 10. Bf1 c5 11. Bxf4 exf4 12. Qd2 g5 13. h3 h5 14. dxc5 dxc5 15.
h4 g4 16. Ng5 Be5 17. Nd5 Nb6 18. Qc1 f6 19. Nxf4 Bxf4 20. Qxf4 fxg5 21. Qe5
Qf6 22. Qxc5 gxh4 23. Rd6 Be6 24. e5 Qh6 25. Rad1 Rae8 26. Qd4 Nc8 27. Rxe6
Qxe6 28. Re1 Ne7 29. c5 Rd8 30. Qe4 Qf5 31. Qe3 Qf4 0-1

[Event "Olimpiada de Khanty-Mansiysk 2010"]
[Site "Khanty-Mansiysk RUS"]
[Date "2010.10.01"]
[Round "10"]
[White "AlHuwar, Jasem"]
[Black "Berg, Olaf"]
[Result "0-1"]
[WhiteElo "2265"]
[BlackElo "2274"]
[PlyCount "152"]
[EventDate "2010.09.21"]
[EventType "team"]
[EventRounds "11"]
[EventCountry "RUS"]
[Source "lmi"]
[SourceDate "2010.09.21"]
[WhiteTeam "Emiratos Arabes Unidos"]
[BlackTeam "Islas Faroe"]
[WhiteTeamCountry "UAE"]
[BlackTeamCountry "FAI"]

1. Nf3 c5 2. c4 Nc6 3. d4 cxd4 4. Nxd4 Nf6 5. Nc3 e6 6. g3 Qb6 7. Ndb5 Ne5 8.
e4 Nfg4 9. Qe2 a6 10. h3 axb5 11. hxg4 bxc4 12. Be3 Bc5 13. Bxc5 Qxc5 14. Bg2
b5 15. O-O b4 16. Nd1 Ba6 17. Qe3 Qxe3 18. Nxe3 c3 19. Rfd1 Be2 20. Re1 cxb2
21. Rab1 Bf3 22. Rxb2 Bxg2 23. Kxg2 Nd3 24. Reb1 Nxb2 25. Rxb2 Ra4 26. Nc4 O-O
27. Nb6 Ra7 28. Rxb4 Rb8 29. Rc4 Rab7 30. Nc8 Rb4 31. Rc3 Rxe4 32. Nb6 f5 33.
Nxd7 Rb2 34. gxf5 exf5 35. Rc8+ Kf7 36. Nc5 Re8 37. Rc6 Rc2 38. a4 Re5 39. Nd3
Ree2 40. Rb6 Rcd2 41. Rb3 Re3 42. Rb7+ Re7 43. Rb3 Ra2 44. Rb5 g6 45. a5 Ra7
46. Ne5+ Kf6 47. Nc4 Rc7 48. Ne3 Ke6 49. Kf3 Ra4 50. Rb6+ Kf7 51. a6 Ra7 52. g4
fxg4+ 53. Nxg4 R4xa6 54. Ne5+ Kg7 55. Rb8 Re7 56. Nd3 Rf6+ 57. Kg3 h5 58. Rd8
g5 59. Rd5 Kh6 60. Ne5 h4+ 61. Kg2 Kh5 62. Nd3 Ref7 63. Rd8 Rf8 64. Rd5 Rf3 65.
Rd7 h3+ 66. Kh2 g4 67. Rd5+ R8f5 68. Rd8 Rxd3 69. Rxd3 Rxf2+ 70. Kg1 Rg2+ 71.
Kh1 Re2 72. Ra3 Kh4 73. Ra1 Kg3 74. Kg1 Rf2 75. Ra3+ Rf3 76. Ra2 h2+ 0-1

[Event "Olimpiada de Khanty-Mansiysk 2010"]
[Site "Khanty-Mansiysk RUS"]
[Date "2010.10.01"]
[Round "10"]
[White "Samuelsen, Carl Eli Nolso"]
[Black "Omar Noaman, Ali Ali"]
[Result "0-1"]
[WhiteElo "2262"]
[BlackElo "2220"]
[PlyCount "66"]
[EventDate "2010.09.21"]
[EventType "team"]
[EventRounds "11"]
[EventCountry "RUS"]
[Source "lmi"]
[SourceDate "2010.09.21"]
[WhiteTeam "Islas Faroe"]
[BlackTeam "Emiratos Arabes Unidos"]
[WhiteTeamCountry "FAI"]
[BlackTeamCountry "UAE"]

1. e4 c6 2. d4 d5 3. Nd2 dxe4 4. Nxe4 Bf5 5. Ng3 Bg6 6. Nf3 Nd7 7. Bd3 e6 8.
O-O Ngf6 9. Re1 Be7 10. a3 c5 11. dxc5 Bxd3 12. Qxd3 Nxc5 13. Qe2 a5 14. Bf4
Nd5 15. Be5 O-O 16. Rad1 Qb6 17. Bxg7 Kxg7 18. Nh5+ Kg8 19. Rxd5 exd5 20. Qxe7
Ne4 21. Rxe4 dxe4 22. Ng5 Qd8 23. Nf6+ Kh8 24. Qxd8 Raxd8 25. Kf1 Rd2 26. Ngxe4
Rxc2 27. b4 axb4 28. axb4 Rd8 29. g3 Rb2 30. Nc5 Rd1+ 31. Kg2 Rxb4 32. Nfe4 b6
33. Nc3 Rdd4 0-1